Античная философия (Запис № 308345)

МАРК-запис
000 -Лідер
fixed length control field 00629nam a22002657a 4500
001 - Контрольний номер
control field 22131
003 - Ідентифікатор контрольного номера
control field UA-OsUOA
005 - Дата та час останнього входження (трансакції)
control field 20220209181129.0
007 - Фіксоване поле фізичного опису
fixed length control field ta
008 - Елементи даних фіксованої довжини – загальна інформація
fixed length control field 20031217b un ||||| |||| 00| 0 ukr d
020 ## - Міжнародний стандартний книжковий номер (ISBN)
Міжнародний стандартний книжковий номер (ISBN) (НП) 5-06-003049-0
040 ## - Джерело каталогізації
Агенція оригінальної каталогізації UA-OsUOA
Мова каталогізації rus
Агенція, яка здійснювала перезапис UA-OsUOA
Агенція, яка здійснювала модифікацію UA-OsUOA
041 ## - Код мови
Код мови тексту/ звукової доріжки чи окремого заголовка (П) rus
044 ## - Код країни видавця/ виробника
Код країни видавця/ виробника (П) RU
080 ## - Індекс Універсальної десяткової класифікації
Індекс Універсальної десяткової класифікації (УДК) (НП) 1(091)"6"
090 ## - Локальний шифр розміщення
Класифікаційний індекс УДК 1(091)"6"
Авторський знак (НП) А90
100 ## - Основне введення – ім’я особи
Ім’я особи (НП) Асмус В. Ф.
245 ## - Відомості про назву
Назва (НП) Античная философия
250 ## - Відомості про видання (редакцію)
Відомості про видання (редакцію) (НП) 3-е изд.
260 ## - Публікація, розповсюдження і т.п. (Вихідні дані)
Місце публікації, розповсюдження і т.п. (П) Москва
Ім’я/ наймення видавництва, розповсюджувача і т.п. (П) Высшая школа
Дата публікації, розповсюдження і т.п. (П) 2001
300 ## - Фізичний опис
Обсяг 400 с.
650 #7 - Додаткове предметне введення – тематичний термін
Джерело заголовка чи терміна UDC
942 ## - Додаткові елементи входу (Коха)
Тип елемента Koha Книги
Source of classification or shelving scheme Universal Decimal Classification
955 ## - Код типу видання за змістом
Код типу видання за змістом (НП) інше
Фонди
Стан вилучень Стан втрат Джерело класифікації або схеми стелажів Стан уражень Не для кредиту Код колекції Постійне місце розташування Поточне розміщення Дата придбання Джерело придбання Вартість, звичайна ціна покупки Інвентарний номер Усього замовленно Штрих-код Дата останнього перегляду Ціна ефективна від Тип елемента Koha
    Universal Decimal Classification     Колекція Томенка М.В. ЧЗ - Читальна зала ЧЗ - Читальна зала 15/10/2007 168/2007 2.00 108662   108662 06/02/2022 17/12/2003 Книги
    Universal Decimal Classification       ЧЗ - Читальна зала ЧЗ - Читальна зала 17/12/2003   8.05 62445   62445 17/11/2021 17/12/2003 Книги
    Universal Decimal Classification       ЧЗ - Читальна зала ЧЗ - Читальна зала 17/12/2003   8.05 62446   62446 17/11/2021 17/12/2003 Книги
    Universal Decimal Classification       ЧЗ - Читальна зала ЧЗ - Читальна зала 17/12/2003   8.40 62447   62447 04/04/2023 17/12/2003 Книги
    Universal Decimal Classification       ЧЗ - Читальна зала ЧЗ - Читальна зала 17/12/2003   3.00 62448   62448 17/11/2021 17/12/2003 Книги
    Universal Decimal Classification       ЧЗ - Читальна зала ЧЗ - Читальна зала 17/12/2003   17.95 62449   62449 17/11/2021 17/12/2003 Книги
    Universal Decimal Classification       ЧЗ - Читальна зала ЧЗ - Читальна зала 05/02/2004   25.87 77246   77246 17/11/2021 17/12/2003 Книги
    Universal Decimal Classification       ЧЗ - Читальна зала ЧЗ - Читальна зала 05/02/2004   25.87 77247   77247 17/11/2021 17/12/2003 Книги
    Universal Decimal Classification       ЧЗ - Читальна зала ЧЗ - Читальна зала 05/02/2004   25.87 77248   77248 17/11/2021 17/12/2003 Книги
    Universal Decimal Classification       ЧЗ - Читальна зала ЧЗ - Читальна зала 05/02/2004   25.87 77249   77249 17/11/2021 17/12/2003 Книги
Withdrawn   Universal Decimal Classification       ЧЗ - Читальна зала ЧЗ - Читальна зала 05/02/2004   25.87 77250   77250 13/07/2019 17/12/2003 Книги